Diluvio de chistes de todos los temas, recopilados del acervo popular. (Record no. 56549)

MARC details
000 -LEADER
campo de control de longitud fija 00433nam a2200157 i 4500
001 - NÚMERO DE CONTROL
campo de control 56549
003 - IDENTIFICADOR DE NÚMERO DE CONTROL
campo de control ES-MaACL
005 - FECHA Y HORA DE LA ÚLTIMA TRANSACCIÓN
campo de control 20230906163410.0
007 - CAMPO FIJO DE DESCRIPCIÓN FÍSICA--INFORMACIÓN GENERAL
campo de control de longitud fija t|
008 - DATOS DE LONGITUD FIJA--INFORMACIÓN GENERAL
campo de control de longitud fija 031010s1967 sp ||||1| spa d
245 00 - MENCIÓN DEL TÍTULO
Título Diluvio de chistes de todos los temas, recopilados del acervo popular.
260 ## - PUBLICACIÓN, DISTRIBUCIÓN, ETC.
Lugar de publicación, distribución, etc. Barcelona :
Nombre del editor, distribuidor, etc. Millá,
Fecha de publicación, distribución, etc. 1967.
300 ## - DESCRIPCIÓN FÍSICA
Extensión 211 p. :
Otras características físicas il. ;
Dimensiones 16 cm.
650 #4 - PUNTO DE ACCESO ADICIONAL DE MATERIA--TÉRMINO DE MATERIA
Término de materia o nombre geográfico como elemento de entrada Chistes.
9 (RLIN) 138672
852 ## - LOCALIZACIÓN
Ubicación ES-MaACL
Número de control de estantería C-31438
Holdings
Estatus retirado Estado de pérdida Estado de daño No para préstamo Biblioteca de origen Biblioteca actual Ubicación en estantería Fecha de adquisición Fuente de adquisición Total de préstamos Signatura topográfica completa Código de barras Visto por última vez Precio de reemplazo Tipo de ítem Koha
        Biblioteca del Ateneo de Madrid Biblioteca del Ateneo de Madrid Depósito 2 17/01/2008     C-31438 1059389 23/02/2023 23/02/2023 Libro impreso